Batman Villains Quiz Stats

 Plays Quiz Updated Sep 25, 2014

Score 0/16 Timer 05:00
67 Plays Today
Bio Enemy % Correct
Batman's greatest enemy as well as the most famous.The Joker
99.4%
Performs crimes based on birds.Penguin
90.9%
Has a strange compulsion to leave clues to his crimes.The Riddler
88.7%
An accomplished jewel thief.Catwoman
83.1%
A scientist whose invention of a freeze-gun went terribly wrong.Mr. Freeze
81.5%
Obsessed with committing crimes themed around duality and opposites.Two-Face
80.9%
Has the ability to control all plant life.Poison Ivy
78.6%
An insane psychologist/biochemist who specializes in the nature of fear.Scarecrow
62.9%
Bio Enemy % Correct
His immense strength comes from a steroid called Venom.Bane
55.5%
Female clown with a hammer and a crazy crush.Harley Quinn
41.9%
Has a medical condition that warped his body into a massive crocodile-like form.Killer Croc
36.3%
Possesses super strength and the ability to mold his body into any form.Clayface
35%
Inspired by Alice's Adventures in Wonderland to commit crimes.Mad Hatter
34%
Founder of the worldwide League of Assassins.Ra's al Ghul
31%
Transformed by a serum designed to help him hear with echolocation.Man-Bat
28.2%
The mugger who murdered Bruce Wayne's parents.Joe Chill
19.5%

You're not logged in!

Compare scores with friends on all Sporcle quizzes.
OR
Log In

Sporcle TV

Today on Sporcle TV


Watch our educational content, quiz creation guides, and fun videos on Sporcle TV.

Show Comments

Extras

Top Quizzes Today


Score Distribution

Your Account Isn't Verified!

In order to create a playlist on Sporcle, you need to verify the email address you used during registration. Go to your Sporcle Settings to finish the process.

Report this User

Report this user for behavior that violates our Community Guidelines.

Details: